Fr. Conceicao Rodrigues College of Engineering

Audels Automobile Guide (Record no. 18440)

MARC details
000 -LEADER
fixed length control field 00318nam a2200145Ia 4500
082 ## - DEWEY DECIMAL CLASSIFICATION NUMBER
Classification number 629.222
Item number BRI
100 ## - MAIN ENTRY--PERSONAL NAME
Personal name Bricker/ Frederick
245 ## - TITLE STATEMENT
Title Audels Automobile Guide
260 ## - PUBLICATION, DISTRIBUTION, ETC.
Name of publisher, distributor, etc. Taraporevala Sons
Place of publication, distribution, etc. NONE
Date of publication, distribution, etc. 1967
300 ## - PHYSICAL DESCRIPTION
Extent 723
546 ## - LANGUAGE NOTE
Language note ENGLISH
654 ## - SUBJECT ADDED ENTRY--FACETED TOPICAL TERMS
Focus term electronics
942 ## - ADDED ENTRY ELEMENTS (KOHA)
Koha item type BOOK
Holdings
Withdrawn status Lost status Damaged status Not for loan Collection Home library Current library Date acquired Total Checkouts Full call number Barcode Date last seen Price effective from Koha item type
        CRC Fr. Agnel's C.Rodrigues College of Engineering Fr. Agnel's C.Rodrigues College of Engineering 17/03/2023   629.222 BRI 11104 07/08/2025 17/03/2023 BOOK